Blue Flags - Sudden Death - Statistics

General Stats
  • This quiz has been taken 2,495 times
  • The average score is 14 of 20
Answers on the Grid
Answers color-coded by a green-red scale on the quiz's grid according to % correct below.
Afghanistan
Albania
Andorra
Angola
Antigua and Barbuda
Argentina
Austria
Bangladesh
Barbados
Belarus
Belize
Benin
Brazil
Cambodia
Cameroon
Cuba
Denmark
Estonia
Fiji
France
Georgia
Germany
Greece
Haiti
Hungary
Iceland
Indonesia
Jamaica
Japan
Kiribati
Kuwait
Latvia
Liberia
Lithuania
Madagascar
Malawi
Malaysia
Marshall Islands
Monaco
Morocco
Nauru
Nigeria
Oman
Poland
Sao Tome and Principe
Senegal
Slovenia
Tonga
 
Answer Stats
Answer % Correct
Argentina
88%
France
83%
Greece
82%
Iceland
79%
Estonia
77%
Barbados
73%
Cuba
73%
Fiji
71%
Brazil
69%
Slovenia
68%
Andorra
66%
Haiti
64%
Antigua and Barbuda
62%
Liberia
60%
Belize
59%
Cambodia
59%
Marshall Islands
59%
Malaysia
57%
Nauru
57%
Kiribati
52%
No matching quizzes found
Score Distribution
Percent of People with Each Score
Percentile by Number Answered
Your Score History
You have not taken this quiz